La vérité du corps nègre (notice n° 1743925)

détails MARC
000 -LEADER
fixed length control field 00751cam a2200157 4500500
005 - DATE AND TIME OF LATEST TRANSACTION
control field 20260322004907.0
041 ## - LANGUAGE CODE
Language code of text/sound track or separate title fre
042 ## - AUTHENTICATION CODE
Authentication code dc
100 10 - MAIN ENTRY--PERSONAL NAME
Personal name Fonkoua, Romuald
Relator term author
245 00 - TITLE STATEMENT
Title La vérité du corps nègre
260 ## - PUBLICATION, DISTRIBUTION, ETC.
Date of publication, distribution, etc. 2026.<br/>
500 ## - GENERAL NOTE
General note 35
520 ## - SUMMARY, ETC.
Summary, etc. Plus que la psychocritique des récits des colonisés et la « grammaire de la décolonialité », la poésie de la négritude est pour Fanon l’expression d’une lutte incessante du colonisé pour appréhender le corps nègre, rendre compte de sa vérité imprévisible et se libérer.
786 0# - DATA SOURCE ENTRY
Note Esprit | Javier - Février | 1-2 | 2026-02-18 | p. 57-67 | 0014-0759
856 41 - ELECTRONIC LOCATION AND ACCESS
Uniform Resource Identifier <a href="https://shs.cairn.info/revue-esprit-2026-1-2-page-57?lang=fr&redirect-ssocas=7080">https://shs.cairn.info/revue-esprit-2026-1-2-page-57?lang=fr&redirect-ssocas=7080</a>

Pas d'exemplaire disponible.

PLUDOC

PLUDOC est la plateforme unique et centralisée de gestion des bibliothèques physiques et numériques de Guinée administré par le CEDUST. Elle est la plus grande base de données de ressources documentaires pour les Étudiants, Enseignants chercheurs et Chercheurs de Guinée.

Adresse

627 919 101/664 919 101

25 boulevard du commerce
Kaloum, Conakry, Guinée

Réseaux sociaux

Powered by Netsen Group @ 2025